[Event "American Continental-ch 2018 -TB"]
[Site "Montevideo"]
[Date "2018.06.10"]
[Round "4"]
[White "Mareco, Sandro"]
[Black "Salinas Herrera, Pablo"]
[Result "0-1"]
[WhiteElo "2643"]
[BlackElo "2463"]
[Annotator "TA"]
[PlyCount "104"]
[EventDate "2018.??.??"]
[EventType "swiss"]
[EventCountry "URU"]
[SourceTitle "playchess.com"]
[Source "ChessBase"]
[SourceQuality "1"]

{[%evp 22,104,0,0,0,8,0,8,13,13,41,45,43,38,39,41,52,49,64,66,62,70,112,111,113,106,115,66,72,70,68,66,75,44,78,58,62,89,60,75,241,48,63,74,127,125,195,61,60,10,36,59,187,185,204,216,195,199,210,208,194,202,201,201,231,143,150,157,152,125,133,137,115,8,8,0,0,0,8,0,368,429,489,486,453]} 1. e4 c5 2. Nf3 d6 3. d4 cxd4 4. Nxd4 Nf6 5. Nc3 a6 6. Be2 e5 7. Nf3 Be7 8. Bg5 Be6 {B92: Sicilian Najdorf: 6 Be2} 9. Bxf6 Bxf6 10. Nd5 (10. O-O Be7 11. Nd5 Nd7 12. Bc4 Rc8 13. Qe2 Nb6 14. Nxb6 Qxb6 15. Bb3 O-O 16. Rfd1 {1-0 (55) Caruana,F (2794)-Grischuk,A (2785) Saint Louis 2017}) 10... Nd7 11. Bc4 O-O 12. O-O {LiveBook: 6 Games} Nb6 $146 ({Predecessor:} 12... b5 13. Bb3 a5 14. a4 bxa4 15. Bxa4 Nb6 16. Bb3 a4 17. Nxb6 Qxb6 18. Rxa4 Rxa4 19. Bxa4 {½-½ (30) Grandelius,N (2647)-Debashis,D (2501) Caleta 2018}) 13. Bb3 Nxd5 14. Bxd5 Qc7 15. c3 Qc5 16. Bxe6 fxe6 17. Qb3 Qc8 18. a4 Rb8 19. Rfd1 Be7 20. a5 Kh8 21. Ra4 Rf6 22. Rc4 Qe8 23. Rc7 Bf8 24. Rxb7 Rxb7 25. Qxb7 Qa4 26. Rf1 {Hoping for b4.} (26. Re1 {keeps more tension.} Qxa5 27. Qb3 Kg8 28. h3 Qc5 29. Ra1) 26... Qxa5 27. Qc6 h6 28. h3 Qa2 29. b4 Qe2 30. c4 {[%cal Bc3c4,Bc4b5][%mdl 32]} Kh7 $2 (30... d5 $16 {might work better.}) 31. Re1 $2 ({Less strong is} 31. Qxa6 Qxe4 32. Qa2 d5 $11) (31. b5 $1 $18) 31... Qb2 32. b5 $1 {[%cal Rb5a6]} axb5 ({Better is} 32... a5) 33. cxb5 $16 Qb4 (33... d5 $16) 34. Ra1 (34. Rc1 $18) 34... d5 $1 $14 35. Rc1 ({Worse is} 35. exd5 e4 $17) (35. Qc2 $5 {[%cal Re4d5]}) 35... dxe4 36. Nxe5 Rf5 (36... Bd6 $14 37. Nc4 Bc5) 37. Qxe6 $18 Rxf2 38. Kxf2 Qd2+ 39. Kg3 {Qf5+ would kill now.} Qe3+ 40. Nf3 $1 Qxc1 41. Qxe4+ Kh8 42. Qc6 $1 {[%cal Rc6c1]} Qa3 43. h4 Bd6+ 44. Kh3 Qd3 45. Qc8+ Kh7 46. Qd7 $1 Qd1 {[#]} 47. Qf5+ ({White must play} 47. Kg4 $1 $16 {Strongly threatening b6.} Qa4+ 48. Kf5 (48. Kh5 Qf4 $11)) 47... Kh8 $11 {aiming for ...Qh1+.} 48. Qc8+ Kh7 {( -> ...Qh1+)} 49. Qf5+ Kh8 {...Qh1+ is the strong threat.} 50. Kg4 {Black must now prevent Qc8+.} Qa4+ $2 {[%mdl 8192] [#]} (50... Qe2 $11 {and Black has nothing to worry.} 51. Kh3 Qd1) 51. Kh5 $1 $18 Qa8 {intending ...Qe8+.} 52. Qe6 Qb8 {[%mdl 32768] Precision: White = 44%, Black = 41%. . Loss on Time!?} 0-1

[Event "American Continental-ch 2018 -TB"]
[Site "Montevideo"]
[Date "2018.06.10"]
[Round "4"]
[White "Hungaski, Robert"]
[Black "Escalante Ramirez, Brian Sebasti"]
[Result "0-1"]
[WhiteElo "2510"]
[BlackElo "2422"]
[Annotator "TA"]
[PlyCount "76"]
[EventDate "2018.??.??"]
[EventType "swiss"]
[EventCountry "URU"]
[SourceTitle "playchess.com"]
[Source "ChessBase"]
[SourceQuality "1"]

{[%evp 16,76,60,45,77,80,89,53,61,72,73,43,89,81,89,87,87,86,83,83,81,38,66,51,36,31,65,-24,-12,-20,-15,-18,-14,-44,0,0,0,0,33,-93,-74,-25,0,0,0,0,0,-143,-126,-89,0,0,0,-404,-407,-659,-652,-1375,-1346,-2275,-2236,-2130,-2012]} 1. Nf3 Nf6 2. c4 g6 3. Nc3 Bg7 4. e4 d6 5. d4 O-O 6. Be2 Na6 7. Bf4 Nh5 {E91: King's Indian: Classical: 6 Be2, unusual replies including 6...c5 and 6...Bg4} (7... Bg4 8. O-O Nd7 9. h3 Bxf3 10. Bxf3 e5 11. Be3 exd4 12. Bxd4 Bxd4 13. Qxd4 Nac5 14. Rad1 Re8 15. Bg4 {1-0 (30) Gupta,A (2617)-Venkatesh,M (2487) Dubai 2018}) 8. Bg5 h6 9. Be3 {LiveBook: 16 Games} Nf6 {[%cal Bh5f6,Bf6e8,Be8c7][%mdl 32] White is slightly better.} 10. h3 e5 11. d5 Nc5 12. Nd2 a5 13. g4 Ne8 14. Qc2 Bd7 $146 ({Predecessor:} 14... c6 15. O-O-O Qc7 16. Kb1 Rb8 17. a3 Bd7 18. Rdg1 {0-1 (42) Pelaez,D (1676)-Rostan,L (1904) Montevideo 2018}) 15. O-O-O c6 16. Kb1 a4 17. a3 Qa5 18. Na2 Nc7 19. Qc3 Qa7 20. f3 Rfc8 21. Nf1 ({White should try} 21. Qc2 $14) 21... cxd5 $11 22. cxd5 Nb5 23. Bxb5 Bxb5 24. Qd2 Qb8 25. Nb4 Nb3 26. Qf2 Nd4 27. Ng3 {[#]} (27. Nd2 $14 {keeps the upper hand.}) 27... Rc4 $1 $17 {And now ...Rxb4! would win.} 28. Rc1 Qc7 $36 {[%mdl 2048] Black has good play.} 29. Rxc4 Qxc4 30. Rc1 Qb3 31. Rc3 (31. h4 $1 $11 {remains equal.}) 31... Qd1+ 32. Rc1 Qb3 (32... Bd3+ $1 $17 33. Ka2 Qb3+ 34. Ka1 Bb5) 33. Rc3 $11 Qd1+ 34. Bc1 $2 {[%mdl 8192] [#]} (34. Rc1 $11 Bd3+ 35. Ka2 Qb3+ 36. Ka1) 34... Bf6 $19 35. Ka2 (35. Qh2 $142 Bg5 36. h4 Bxc1 37. Rxc1 Qxf3 38. g5) 35... Bh4 {Black is clearly winning.} 36. f4 Ne2 37. Qb6 Nxc3+ 38. bxc3 Bc4+ {Precision: White = 46%, Black = 60%.} 0-1

[Event "American Continental-ch 2018 -TB"]
[Site "Montevideo"]
[Date "2018.06.10"]
[Round "4"]
[White "Cori Quispe, Kevin Joel"]
[Black "Cordova, Emilio"]
[Result "1/2-1/2"]
[WhiteElo "2468"]
[BlackElo "2621"]
[Annotator "TA"]
[PlyCount "122"]
[EventDate "2018.??.??"]
[EventType "swiss"]
[EventCountry "URU"]
[SourceTitle "playchess.com"]
[Source "ChessBase"]
[SourceQuality "1"]

{[%evp 20,122,13,15,38,31,38,0,0,0,0,0,0,-2,5,0,16,8,8,12,24,17,21,-43,-43,-54,-43,-94,-88,-95,-58,-63,0,0,0,0,0,0,-4,-4,0,0,0,0,0,0,0,0,8,8,8,8,8,0,56,56,56,56,56,52,57,57,57,43,57,57,57,57,57,57,57,56,56,56,56,52,56,56,56,56,56,56,56,51,51,51,51,51,47,0,48,0,56,56,57,56,56,56,56,8,8,8,8,8,8]} 1. e4 c5 2. Nf3 Nc6 3. Bb5 e6 4. O-O Nge7 5. d4 cxd4 6. Nxd4 Ng6 {B30: Sicilian: 2...Nc6 3 Bb5, lines without ...g6} (6... Qb6 7. Nxc6 bxc6 8. Bd3 Ng6 9. c4 Be7 10. Nc3 O-O 11. Na4 Qc7 12. c5 d5 13. cxd6 Bxd6 14. g3 c5 {1-0 (27) Caruana,F (2811)-Lenic,L (2662) chess.com INT 2018}) 7. Be2 Be7 8. c4 O-O 9. Be3 Nxd4 10. Qxd4 b6 11. Nc3 {LiveBook: 10 Games} Bb7 12. Rad1 Bc6 13. f4 $146 ({Predecessor:} 13. Qd3 f5 {½-½ (13) Sadzikowski,D (2563)-Edouard,R (2622) Warsaw 2017}) 13... e5 14. fxe5 Bc5 15. Qd2 Qe7 16. Bxc5 Qxc5+ 17. Qd4 Nxe5 (17... Qe7 {with more complications.} 18. Qe3 Nxe5 19. Rd4 f6 20. a3 a5) 18. b4 Qxd4+ 19. Rxd4 f6 20. Rc1 Rac8 21. c5 (21. a4 $11) 21... bxc5 $15 22. bxc5 Rb8 23. a4 ({White should play} 23. Rc2 $15) 23... Rb2 $17 24. Bf1 g6 25. Nb5 f5 (25... a5 $15) 26. Nxa7 $11 Bxe4 27. Nb5 Bc6 28. Re1 Re8 29. Rdd1 Kf8 30. Nd6 Re6 31. a5 f4 32. Rxe5 Rxe5 33. Nc4 $1 {[%csl LRb2,LRe5]} Rxg2+ 34. Bxg2 Rg5 35. Rd2 {[#] Threatens to win with h4.} f3 36. h4 Rxc5 (36... Rxg2+ $11 37. Rxg2 fxg2) 37. Bf1 $14 {Strongly threatening a6.} Bb5 38. Rd4 Ke7 39. Kf2 Bxc4 40. Bxc4 {[#] Hoping for a6.} ({Don't take} 40. Rxc4 $6 Rxa5 41. Kxf3 Rf5+ 42. Kg2 Kd6 $16) 40... Rxa5 41. Kxf3 {[%mdl 4096] Endgame KRB-KR} Rc5 42. Bd3 Re5 43. Kf4 d6 44. Rb4 Kf6 45. Rb7 Rh5 46. Kg4 Rd5 47. Bc2 (47. Be2 {keeps more tension.} Rd4+ 48. Kg3 h5 49. Bf3 Rc4 50. Rb5) 47... Rd4+ 48. Kg3 h5 49. Rb5 Rg4+ 50. Kh3 Rc4 {White must now prevent ...Rc3+.} 51. Bb1 Rc3+ 52. Kg2 Rc4 53. Kg3 Rc3+ 54. Kg2 Rc4 55. Kg3 {aiming for Rg5.} Rc1 (55... Rc3+ $1 $11 56. Kf2 Rh3) 56. Be4 Rc3+ 57. Bf3 Rd3 58. Ra5 d5 59. Rxd5 Rxd5 {The position is equal.} 60. Bxd5 g5 61. hxg5+ Kxg5 {Precision: White = 64%, Black = 69%.} 1/2-1/2

[Event "American Continental-ch 2018 -TB"]
[Site "Montevideo"]
[Date "2018.06.10"]
[Round "5"]
[White "Cori, Jorge"]
[Black "Cori Quispe, Kevin Joel"]
[Result "1/2-1/2"]
[WhiteElo "2659"]
[BlackElo "2468"]
[Annotator "TA"]
[PlyCount "114"]
[EventDate "2018.??.??"]
[EventType "swiss"]
[EventCountry "URU"]
[SourceTitle "playchess.com"]
[Source "ChessBase"]
[SourceQuality "1"]

{[%evp 20,114,0,0,46,6,9,17,64,64,76,40,46,39,38,45,52,50,63,18,16,17,36,36,36,12,36,37,44,38,43,41,46,62,64,13,17,0,23,8,20,10,40,29,36,20,18,0,8,0,0,0,0,0,5,0,21,0,0,0,0,0,0,-8,0,-69,-53,-76,-76,-76,0,-150,-151,-170,-185,-200,-192,-199,-197,-172,-100,-259,-8,-38,-31,-100,-44,-100,-46,-52,0,0,0,0,0,0,0]} 1. d4 Nf6 2. Nf3 e6 3. e3 c5 4. Bd3 Nc6 5. O-O d5 6. b3 Bd6 7. Bb2 O-O 8. Nbd2 b6 9. a3 Bb7 {D05: Damenbauernspiele (Colle-Aufbau)} 10. Qe2 Rc8 11. Rfd1 {LiveBook: 4 Partien} Qc7 $146 ({Vorgänger:} 11... Qe7 12. dxc5 bxc5 13. c4 Rfd8 14. e4 dxe4 15. Nxe4 Nxe4 16. Bxe4 h6 17. Qe3 {1-0 (54) Cao,S (2381)-Sethuraman,S (2649) Hanoi 2018}) 12. c4 dxc4 13. Nxc4 Be7 14. dxc5 bxc5 15. Ng5 h6 16. Ne4 Nxe4 17. Bxe4 Rfd8 18. Qg4 {[%csl Gb2][%cal Rg4g7]} Bf8 19. Qg3 (19. Bf6 {with more complications.} Rxd1+ 20. Rxd1 Kh8 21. Bc3 Rd8 22. Qe2) 19... Qxg3 20. hxg3 Na5 {...Sxc4 ist eine echte Drohung.} 21. Bxb7 Nxb7 22. Bc3 f6 23. Kf1 Nd6 24. Ba5 Rd7 25. Nxd6 Rxd6 26. Rxd6 Bxd6 $14 {[%mdl 4096] Endspiel KTL-KTL} 27. Rc1 (27. Ke2 $14) 27... Rb8 $11 28. Rd1 Bf8 (28... Be7 {feels hotter.} 29. Rd7 Kf8 30. Rd3 Rb5 31. Be1 Kf7) 29. Rd3 Rb5 30. Bd2 Rb7 31. Ke2 Kf7 32. Rc3 Bd6 33. f4 g5 34. e4 Kg6 35. Kf3 h5 36. Ke2 Be7 37. Be3 Rb6 38. Kd3 Ra6 39. a4 Rb6 40. Kc2 Rb4 41. Kd3 Bd6 42. fxg5 (42. Bc1 $11) 42... fxg5 $15 43. Bf2 Kf6 44. Be3 Kg6 (44... a6 $17) 45. Bd2 {[#]} (45. Bf2 $1 $11) 45... Rd4+ $1 $17 46. Ke3 Bxg3 47. Rxc5 {[#]} Bf2+ $1 {[%mdl 512]} 48. Kxf2 Rxd2+ $19 {KT-KT} 49. Kf1 Rb2 (49... h4 $19 50. Rc7 Rb2) 50. Rb5 $2 {[#]} (50. Rc7 $17) 50... a5 $2 (50... h4 $1 $19 {Droht ...g4 und aus.} 51. Rb7 g4 52. Rxa7 Rxb3) 51. Rxa5 Rxb3 52. Ra8 ({Lieber} 52. Kf2 $15) 52... Kf6 (52... g4 $17 53. a5 Ra3) 53. a5 (53. Rh8 $15) 53... Ke5 (53... g4 $17 54. a6 Ke5) 54. a6 h4 (54... Ra3 $15) 55. Rg8 $11 {Droht stark a7.Die Stellung ist ausgeglichen.} Ra3 {zielt auf ...Kf4 ab.} 56. Rxg5+ Kxe4 57. Rh5 Rxa6 {Precision: Weiß = 32%, Schwarz = 49%.} 1/2-1/2

[Event "American Continental-ch 2018 -TB"]
[Site "Montevideo"]
[Date "2018.06.10"]
[Round "5"]
[White "Cordova, Emilio"]
[Black "Hungaski, Robert"]
[Result "1-0"]
[WhiteElo "2621"]
[BlackElo "2510"]
[Annotator "TA"]
[PlyCount "93"]
[EventDate "2018.??.??"]
[EventType "swiss"]
[EventCountry "URU"]
[SourceTitle "playchess.com"]
[Source "ChessBase"]
[SourceQuality "1"]

{[%evp 15,93,-22,-18,-29,-13,-27,-25,-27,-31,-38,-30,-45,-60,-58,-40,-67,-59,-24,0,-20,-25,-16,-22,-20,17,-1,-7,-24,0,0,-10,-37,-9,-72,-12,-43,-43,-32,118,106,87,82,112,50,49,59,48,56,46,0,20,0,15,25,25,22,11,0,135,20,110,90,216,80,136,82,95,95,273,202,208,149,240,225,29973,566,29974,29975,29968,29969]} 1. Nf3 d5 2. d4 Nf6 3. g3 Bf5 4. Bg2 c6 5. c4 e6 6. Qb3 Qb6 7. O-O Nbd7 8. Nbd2 {D11: Slav Defence: 3 Nf3 sidelines and 3...Nf6 4 e3 Bg4} (8. Nc3 Be7 9. c5 Qxb3 10. axb3 a6 11. b4 Rc8 12. h3 h6 13. g4 Bh7 14. Bf4 Ne4 15. e3 g5 16. Bh2 h5 17. Nxe4 Bxe4 {0-1 (40) Mozharov,M (2573)-Onischuk,A (2662) Moscow 2015}) 8... h6 {LiveBook: 3 Games} 9. Qd1 Be7 10. b3 {The position is equal.} a5 $146 ({Predecessor:} 10... O-O 11. Bb2 Ne4 12. cxd5 cxd5 13. Rc1 Rac8 {0-1 (36) Dominguez Orono,W (1661)-Carvalho,G (2166) Montevideo 2017}) 11. a4 O-O 12. Bb2 Rfd8 13. Re1 Bb4 14. Qc1 Rac8 15. c5 Qa7 16. Bc3 b6 17. Bxb4 axb4 18. cxb6 Qxb6 19. Qb2 Bh7 20. Rec1 (20. a5 $5 {[%cal Ra5b6]} Qa6 21. Bf1 $11) 20... Qa5 21. Bf1 Rc7 22. e3 Rdc8 23. h3 Ne8 24. e4 (24. Ne1 $11 {keeps the balance.}) 24... dxe4 (24... Nd6 $17) 25. Nc4 Qa7 $1 26. Nfe5 c5 (26... Ndf6 $15 {keeps the upper hand.}) 27. Nxd7 $1 $16 Rxd7 28. dxc5 Rxc5 29. a5 (29. Ne3 $1 $16) 29... e3 $1 $14 30. Nxe3 Rxa5 {[#]} 31. Rc8 $1 {[%cal Rc8e8][%mdl 512]} Kf8 32. Rac1 (32. Ra4 $5) 32... f6 {Hoping for ...Ra2.} 33. Qe2 Ra1 34. Qh5 {[%csl Gh5][%cal Rc8e8]} Re7 35. Rxa1 Qxa1 36. Kh2 {Bb5 would kill now.} Bg8 {[#]} (36... Be4 $11) 37. Qc5 ({White must play} 37. Bb5 $1 $16 {[%cal Rc8e8]} Bf7 38. Qc5) 37... Qa7 (37... Qe1 $1 $11 {remains equal.}) 38. Qxb4 $16 Kf7 {[#]} (38... Qb7 $16 {might work better.} 39. Qc5 Qa7) 39. Be2 (39. Bb5 $1 $18 {is more deadly.}) 39... Bh7 (39... Qb7 $142 40. Qc5 Bh7) 40. Bh5+ ({White should play} 40. Bf3) 40... Bg6 41. Bf3 Nc7 $2 (41... Kg8 $16) 42. Kg2 Bd3 43. Nc4 Bxc4 (43... Ne8 $16 44. Na5 Qd7) 44. Qxc4 $40 {[%mdl 128] aiming for Bh5+. White has strong attack.} Qb6 $2 (44... Ne8 $18 45. Rc6 Qd7) 45. Bh5+ g6 {[#]} 46. Bxg6+ $1 {[%mdl 512]} Kg7 (46... Kxg6 47. Qg4+) 47. Qg4 {Precision: White = 39%, Black = 36%.} 1-0

[Event "American Continental-ch 2018 -TB"]
[Site "Montevideo"]
[Date "2018.06.10"]
[Round "5"]
[White "Escalante Ramirez, Brian Sebasti"]
[Black "Mareco, Sandro"]
[Result "0-1"]
[WhiteElo "2422"]
[BlackElo "2643"]
[Annotator "TA"]
[PlyCount "92"]
[EventDate "2018.??.??"]
[EventType "swiss"]
[EventCountry "URU"]
[SourceTitle "playchess.com"]
[Source "ChessBase"]
[SourceQuality "1"]

{[%evp 9,92,20,38,37,32,15,25,-8,0,-9,13,10,21,-20,36,43,73,41,75,66,112,104,110,107,106,57,81,73,66,73,52,-4,-4,-3,-3,-25,-14,-104,0,0,0,0,0,0,81,81,45,70,64,7,11,0,0,0,13,19,26,32,32,0,29,23,25,0,0,0,0,0,0,-152,0,-165,-93,-90,-75,-82,-83,-78,-47,-129,-131,-171,-36,-5759,-5731]} 1. e4 c5 2. Nc3 e6 3. Nge2 a6 4. g3 Nf6 (4... b5 5. Bg2 Bb7 6. O-O Nc6 7. d4 cxd4 8. Nxd4 Nge7 9. Bf4 Ng6 10. Be3 Nge5 11. Nxc6 Bxc6 12. Bd4 Ng6 13. Re1 f6 14. Nd5 {0-1 (54) Jovanovic,Z (2534)-Vitiugov,N (2726) Tallinn 2016}) 5. Bg2 d6 6. O-O {B23: Closed Sicilian: Lines without g3} Be7 7. h3 Nc6 8. g4 {White has an edge.} h6 9. d3 g5 $146 ({Predecessor:} 9... Qc7 10. Be3 b5 11. Nf4 Bb7 12. Qd2 Rd8 13. a3 g5 14. Nh5 Nxh5 15. gxh5 {0-1 (54) Wilhelm,A (1122)-Oschlies,T (1317) Neumuenster 2017}) 10. f4 gxf4 11. Bxf4 Nd7 ({Black should try} 11... h5 $11) 12. Ng3 $14 Nde5 13. Qd2 Bg5 14. Nh5 b5 15. Ne2 Bb7 16. c3 Qe7 17. b3 O-O-O 18. d4 Ng6 19. Bxg5 hxg5 20. a4 (20. Rad1 $14) 20... b4 $1 $11 21. cxb4 Nxb4 22. Rac1 Kb8 23. Qe3 (23. Nf6 $11) 23... cxd4 ({Black should play} 23... Nh4 $17 24. Nhg3 Rc8) 24. Nxd4 Ne5 25. Rcd1 Rc8 26. Nf3 f6 (26... Nxf3+ $11 {keeps the balance.} 27. Rxf3 Nc6) 27. Qd2 $16 Ned3 28. Ne1 Nxe1 29. Rfxe1 ({Better is} 29. Qxe1 $14 a5 30. Qf2) 29... d5 $1 $11 30. exd5 {Black must now prevent d6.} Rc2 31. Qd4 {aiming for Be4.} Rxg2+ 32. Kxg2 Nxd5 33. Kg1 e5 34. Qd2 Qc5+ 35. Qf2 Qc3 36. Rxd5 Bxd5 37. Re3 Qd4 38. Nxf6 {Strongly threatening Rxe5!} Bc6 39. Nh5 $2 (39. Kh2 $11) 39... Rd8 $2 (39... Qd5 $17 {[%csl Gc6][%cal Rd5h1]} 40. Kh2 Qh1+ 41. Kg3 Rd8) 40. Qg3 $2 (40. Ng3 $11 {and White stays safe.}) 40... Ka8 (40... Kb7 $1 $19 41. Qf2 (41. Qxe5 $2 Qd1+ 42. Kf2 Rf8+ 43. Nf6 Ka8 $17) 41... Rf8 42. Qxf8 Qxe3+ 43. Qf2 Qxb3) 41. Qf2 $17 ({Don't go for} 41. Qxe5 $2 Qd1+ 42. Kf2 Rf8+ 43. Nf6 Qd8 $19) 41... Qd1+ $1 $40 {[%mdl 128] Black goes for the king.} 42. Re1 Qxb3 43. Ng3 Qc3 (43... e4 $5) 44. Re3 {[#]} (44. Re2 $1 $15) 44... Rd1+ $1 45. Nf1 {[#]} Qd4 (45... Qc4 $1 $19 {[%cal Rc4d5] ...Qd5 is the strong threat.} 46. Re1 (46. Rxe5 $2 Rxf1+ 47. Qxf1 Qd4+ 48. Qf2 Qxe5 $19) 46... Rxe1 47. Qxe1 Qd4+ 48. Qf2 Bxa4) 46. Rb3 $2 {[%mdl 8192] [#]} (46. Qf8+ $15 Ka7 47. Qe7+ Bb7 48. Qxe5) 46... Rxf1+ $1 {[%mdl 512] Precision: White = 41%, Black = 45%.} 0-1

[Event "American Continental-ch 2018 -TB"]
[Site "Montevideo"]
[Date "2018.06.10"]
[Round "6"]
[White "Mareco, Sandro"]
[Black "Cordova, Emilio"]
[Result "1-0"]
[WhiteElo "2643"]
[BlackElo "2621"]
[Annotator "TA"]
[PlyCount "73"]
[EventDate "2018.??.??"]
[EventType "swiss"]
[EventCountry "URU"]
[SourceTitle "playchess.com"]
[Source "ChessBase"]
[SourceQuality "1"]

{[%evp 20,73,50,16,95,75,98,77,115,114,132,110,156,146,147,145,140,149,186,163,180,94,159,158,227,220,208,207,280,279,635,615,774,779,913,920,779,902,916,909,894,881,1366,1295,1116,1099,1332,1252,2077,2048,3587,2941,5077,2220,29981,29982]} 1. Nf3 c5 2. c4 b6 3. d4 cxd4 4. Nxd4 Bb7 5. f3 Nf6 6. e4 d6 7. Nc3 e6 8. Be3 Be7 9. Be2 {A31: Symmetrical English: 2 Nf3 Nf6 3 d4} O-O 10. Qd2 (10. O-O Nbd7 11. Qd2 a6 12. Rac1 Rc8 13. Rfd1 Qc7 14. Bf1 Qb8 15. b4 Ba8 16. Na4 Rfe8 17. Kh1 Bb7 18. a3 Bd8 19. Nb3 Bc7 20. Bg1 d5 21. cxd5 exd5 22. exd5 Bxd5 23. Qb2 Be5 {½-½ (23) Sargissian,G (2668)-Popov,I (2639) Jerusalem 2015}) 10... a6 11. O-O-O {LiveBook: 5 Games. White is slightly better.} Nbd7 (11... Nc6 $11) 12. g4 $16 {[%cal Bg2g4,Bg4g5][%mdl 32]} Rc8 {Black wants to play ...Ne5.} 13. g5 Ne8 $146 ({Predecessor:} 13... Nh5 14. Kb1 g6 15. f4 Nxf4 16. Bxf4 e5 {1-0 (28) Runting,T-McElroy,W Australia 1988}) 14. Kb1 Ne5 15. b3 Nc6 16. Nc2 b5 17. cxb5 axb5 18. Nxb5 Ne5 19. h4 Qd7 20. Nbd4 ({Better is} 20. a4 $18) 20... Nc7 (20... d5 $142) 21. h5 $36 {[%mdl 2048] Black is under strong pressure.} d5 (21... Ra8 $16 22. Rhg1 Rfb8) 22. f4 $18 {[%cal Bf3f4,Bf4f5][%mdl 32]} Nc6 23. e5 Ra8 {[#]} 24. g6 $1 h6 $2 {[#]} (24... Nxd4 25. gxh7+ (25. Bxd4 fxg6 26. hxg6 h6 $16) 25... Kxh7) 25. f5 $1 {[%mdl 512]} Nxe5 (25... exf5 26. Bxh6) 26. Bxh6 Bf6 {[#]} 27. Bxg7 $1 {[%mdl 512]} Bxg7 28. h6 fxg6 29. hxg7 Qxg7 30. fxg6 Rf2 31. Rh7 Qxg6 32. Rxc7 Ba6 33. Qa5 Nc4 34. bxc4 Rb8+ 35. Ka1 Qg3 36. Rd7 Rg2 37. Rd8+ {Precision: White = 81%, Black = 20%.} 1-0

[Event "American Continental-ch 2018 -TB"]
[Site "Montevideo"]
[Date "2018.06.10"]
[Round "6"]
[White "Hungaski, Robert"]
[Black "Cori, Jorge"]
[Result "0-1"]
[WhiteElo "2510"]
[BlackElo "2659"]
[Annotator "TA"]
[PlyCount "126"]
[EventDate "2018.??.??"]
[EventType "swiss"]
[EventCountry "URU"]
[SourceTitle "playchess.com"]
[Source "ChessBase"]
[SourceQuality "1"]

{[%evp 27,126,-9,-7,-16,-8,-8,-9,-16,-14,-20,-12,-64,-56,-54,-28,-12,0,0,0,0,-10,0,0,-27,-33,-46,-12,-22,-22,-33,-42,-32,-6,-6,0,-75,-68,-68,-66,-62,-64,-79,-13,-53,0,-60,-62,-57,-47,-87,-81,-70,-79,-68,-66,-181,-179,-183,-177,-183,-141,-227,-202,-291,-288,-332,-256,-253,-261,-210,-114,-345,-160,-438,-188,-170,-133,-592,-588,-588,-485,-629,-625,-681,-580,-1417,-1353,-970,-767,-2629,-2494,-29979,-29980,-29981,-29982,-29982,-29983,-29983,-29983,-29985,-29986]} 1. Nf3 d5 2. d4 Nf6 3. c4 e6 4. g3 Be7 5. Bg2 O-O 6. O-O Nbd7 7. Qc2 c6 8. Nbd2 b6 9. b3 Bb7 10. Bb2 Rc8 11. Rac1 c5 12. Qb1 dxc4 13. Nxc4 b5 14. Ncd2 Qb6 {LiveBook: 9 Partien} 15. Rfd1 {E09: Katalanisch} (15. e3 h6 16. Rfd1 Rfd8 17. a4 a6 18. axb5 axb5 19. dxc5 Bxc5 20. Bd4 Bxd4 21. Nxd4 Bxg2 22. Kxg2 Nc5 {1-0 (33) Akobian,V (2624)-Tregubov,P (2642) Khanty-Mansiysk 2009}) 15... Rfd8 16. Qa1 a6 17. dxc5 $146 {Die Stellung ist ausgeglichen.} ({Vorgänger:} 17. Nh4 Bxg2 18. Nxg2 {½-½ (29) Kuzmin,I (1681)-Antonian,G (1950) Moscow 2015}) 17... Bxc5 18. Bd4 Bxd4 19. Qxd4 ({Günstiger ist} 19. Nxd4 $11 Bxg2 20. Kxg2) 19... Nc5 $15 {[%cal Bd7c5,Bc5e4,Be4c3][%mdl 32]} 20. Qf4 h6 21. Ne5 Bxg2 22. Kxg2 Qb7+ 23. Ndf3 {Droht Txd8+ und aus.} Rxd1 24. Rxd1 Nce4 25. Rc1 Nc3 26. Rc2 b4 27. Nc4 Nfe4 28. Nd6 Nxd6 29. Qxd6 Qe4 30. Rd2 a5 31. Qa6 (31. h4 $11 {hält das Gleichgewicht.}) 31... Ra8 $17 32. Qd3 Qxd3 33. exd3 $15 {[%mdl 4096] Endspiel KTS-KTS} a4 34. Nd4 a3 (34... Ra6 $17) 35. Rc2 Kf8 (35... Ra6 $15) 36. Kf3 (36. Nc6 $11) 36... Rd8 37. Ke3 Nd1+ 38. Ke2 {Schwarz muss nun Sc6 beachten.} Rxd4 39. Kxd1 Rxd3+ $17 {KT-KT} 40. Ke2 Rd4 41. Rc7 ({Besser ist} 41. Rd2 $1 $15 Rd5 42. Rc2) 41... g5 $1 $19 42. h3 Kg7 43. Rc5 f6 44. Rc6 (44. Rc7+ $17 {kämpft weiter.} Kg6 45. Rc6) 44... e5 45. g4 (45. Rb6 {war angesagt.}) 45... Kg6 46. f3 Rf4 47. Ke3 h5 $1 48. Rd6 h4 (48... hxg4 $19 49. hxg4 e4 $1 {[%mdl 512]} 50. fxe4 Rxg4) 49. Rd5 $2 {[#]} (49. Rd1 $17) 49... Kf7 (49... e4 $1 $19 {[%mdl 512] bietet bessere Gewinnchancen.} 50. fxe4 Rf1) 50. Rd8 $2 {[#]} (50. Rd7+ $17 Kg8 51. Rd8+ Kh7 52. Rd7+ Kg6 53. Rd1) 50... Ke6 (50... e4 $142 $1 {[%mdl 512]} 51. fxe4 Rf1 52. Rd7+ Ke6) 51. Rd1 Ke7 52. Rd5 $2 {[%mdl 8192] [#]} (52. Rc1 $17) 52... e4 $1 {[%mdl 512]} 53. fxe4 {[#] Und Tf5 würde nun gewinnen.} Rf1 $1 54. Rb5 Rh1 55. e5 fxe5 56. Rxb4 Rxh3+ 57. Ke4 Rh1 58. Kxe5 h3 {[%cal Bh4h3,Bh3h2][%mdl 32]} 59. Rb7+ Kd8 {Schwarz setzt Matt.} 60. Rb8+ Kc7 61. Rh8 h2 62. Rh7+ Kc6 63. Rh6+ Kb5 {Precision: Weiß = 28%, Schwarz = 56%.} 0-1